000 00834cab a22002175a 4500
001 L146749
008 090224s2009 xxko f 000 0 eng d
035 _a(Sirsi) u146749
041 0 _aeng
100 1 _aAmbrose, Peter
245 0 0 _aSpring deadline
260 _c2009
490 _aThe Estate Agent
_vFeb/March 09, 8-12(4)
520 _aArticle looks at the charges levied by agents for home information packs (HIPs) and discusses referral fees, recommending that margins for HIPs sales are kept at sensible levels to avoid angering home buyers.
590 _aKA
650 2 4 _aESTATE AGENTS ACT 1979
650 2 4 _aPROVISION OF INFORMATION REGULATIONS 1991
651 4 _aEngland and Wales
_y1543-
690 _aPROPERTY-RESIDENTIAL PROPERTY-ACQUISITION AND DISPOSAL OF RESIDENTIAL PROPERTY-HOME BUYING REFORM
942 _n0
999 _c81272
_d81272